| 000 | 00548nam a2200181Ia 4500 | ||
|---|---|---|---|
| 003 | SGT | ||
| 020 | _a9780070667624 | ||
| 082 |
_a620.106 _bSOM |
||
| 100 | _aSom,S.K. | ||
| 245 | _aIntroduction to Fluid Mechanics and Fluid Machines | ||
| 250 | _a2nd Rev. Ed. | ||
| 260 |
_bTata McGraw Hill Education Private Limited _aNew Delhi _c2011 |
||
| 300 | _a712p. | ||
| 650 | _aENGINEERING MECHANICS | ||
| 653 | _aINTRODUCTION AND FUNDAMENTAL CONCEPT, FLUID STATICS, KINEMATICS OF FLUID, FLOW OF IDEAL FLUIDS, | ||
| 700 | _aBiswas,G | ||
| 942 |
_2ddc _cBK |
||
| 999 |
_c5316 _d5316 |
||